LEADER 01036nam0-22003371i-450- 001 990003860140403321 005 20080122113838.0 010 $a0-347-01034-2 035 $a000386014 035 $aFED01000386014 035 $a(Aleph)000386014FED01 035 $a000386014 100 $a20030910d--------km-y0itay50------ba 101 0 $aita 102 $aIT 200 1 $aMultinational Corporations and National Government$eA Case Study of the United Kingdom's Experience 1964-1970$fMichael Hodges. 210 $aFarnborough$cSaxon House$cLexington (Mass.)$cLexington Books$d1974. 215 $axi, 307 p.$d24 cm 610 0 $aGran Bretagna$aPolitica industriale 610 0 $aMultinazionali 676 $aF/1.402 676 $aH/2.14 676 $aO/1.22 700 1$aHodges,$bMichael$0116213 801 0$aIT$bUNINA$gRICA$2UNIMARC 901 $aBK 912 $a990003860140403321 952 $aH/2.14 HOD$b6455/I$fSES 959 $aSES 996 $aMultinational Corporations and National Government$9515108 997 $aUNINA LEADER 00888nam0-22002891i-450 001 990005358970403321 005 20240118100815.0 035 $a000535897 035 $aFED01000535897 035 $a(Aleph)000535897FED01 035 $a000535897 100 $a19990530d1961----km-y0itay50------ba 101 0 $aita 105 $af-------00--- 200 1 $aSu "I Gemelli della Lupa Capitolina$fValerio Mariani 210 $aNapoli$cGiannini$d1961 215 $aP. 2-4, 4 tav.$d27 cm 300 $aEstratto dagli "Atti" dell'Accademia Pontaniana. Nuova Serie, vol. X 700 1$aMariani,$bValerio$f<1899- >$024629 712 0 $aAccademia Pontaniana 801 0$aIT$bUNINA$gRICA$2UNIMARC 901 $aBK 912 $a990005358970403321 952 $aARCH. BM MISC. 137 (10)$bARCH. 14577$fFLFBC 959 $aFLFBC 996 $aSu "I Gemelli della Lupa Capitolina$9594206 997 $aUNINA LEADER 02751nam 22004213 450 001 9910809478303321 005 20230630002906.0 010 $a1-78914-419-1 035 $a(CKB)4100000011921462 035 $a(MiAaPQ)EBC6607235 035 $a(Au-PeEL)EBL6607235 035 $a(OCoLC)1250591249 035 $a(BIP)077765135 035 $a(EXLCZ)994100000011921462 100 $a20210901d2021 uy 0 101 0 $aeng 135 $aurcnu|||||||| 181 $ctxt$2rdacontent 182 $cc$2rdamedia 183 $acr$2rdacarrier 200 14$aThe Poet and the Publisher $eThe Case of Alexander Pope, Esq. , of Twickenham Versus Edmund Curll, Bookseller in Grub Street 210 1$aLondon :$cReaktion Books, Limited,$d2021. 210 4$dİ2021. 215 $a1 online resource (471 pages) 311 $a1-78914-416-7 327 $aCover -- Title Page -- Copyright Page -- Contents -- Preface -- Introduction -- 1. The Time and The Place -- 2. The Antagonists -- 3. True and False Reports, 1714-15 -- 4. Poisonous Relations, 1716 -- 5. Horrid Wars, 1716 -- 6. The Loss of Eden, 1716 -- 7. The Second Aesop, 1717 -- 8. An Abominable Catalogue, 1718-19 -- 9. Crimes and Punishments, 1720-24 -- 10. Prison, 1724-7 -- 11. Pillory, 1725-8 -- 12. A Confederacy of Dunces, 1728-9 -- 13. The Public Ear, 1730-34 -- 14. The Letters of Mr Pope: Stage One, 1735 -- 15. The Letters of Mr Pope: Stage Two, 1735-6 -- 16. Final Exchanges, 1737-47 -- Closing Arguments -- Epilogue -- References -- Select Bibliography -- Acknowledgements -- Photo Acknowledgements -- Index. 330 8 $aThe quarrel between the poet Alexander Pope and the publisher Edmund Curll has long been a notorious episode in the history of the book, when two remarkable figures with a gift for comedy and an immoderate dislike of each other clashed publicly and without restraint. However, it has never, until now, been chronicled in full. Ripe with the sights and smells of Hanoverian London, The Poet and Publisher details their vitriolic exchanges, drawing on previously unearthed pamphlets, newspaper articles, and advertisements, court and government records, and personal letters. The story of their battles in and out of print includes a poisoning, the pillory, numerous instances of fraud, and a landmark case in the history of copyright. The book is a forensic account of events both momentous and farcical, and it is indecently entertaining. 517 $aPoet and the Publisher 610 $aEnglish Literature 676 $a821.5 700 $aRogers$b Pat$0168605 801 0$bMiAaPQ 801 1$bMiAaPQ 801 2$bMiAaPQ 906 $aBOOK 912 $a9910809478303321 996 $aThe Poet and the Publisher$94112336 997 $aUNINA